000 00910cam a22002773a 4500
001 6440
003 PGUSA
005 20140828083132.0
008 040901s2004||||xxu|||||s|||||000 1 eng d
040 _aPGUSA
_beng
042 _adc
050 4 _aPZ
100 1 _aFinley, Martha,
_d1828-1909
245 1 0 _aElsie Dinsmore
_h[electronic resource] /
_cMartha Finley
260 _bProject Gutenberg,
_c2004
506 _aPublic domain in the USA.
516 _aElectronic text
653 _aChristian life -- Juvenile fiction
653 _aDinsmore, Elsie (Fictitious character) -- Juvenile fiction
653 _aSouthern States -- History -- 19th century -- Juvenile fiction
653 _aFamily life -- Southern States -- Juvenile fiction
653 _aFathers and daughters -- Juvenile fiction
830 0 _aProject Gutenberg
_v6440
856 4 0 _uhttp://www.gutenberg.org/ebooks/6440
942 _cEB
999 _c235763
_d235763